01472nam a2200289uu 4500001000800000005001700008007001000025008004100035035001200076040001300088041000800101080001000109100004000119245006200159260004300221300001300264520060300277650003000880650003200910650003300942650003400975650004301009650002701052650002701079700003801106700003801144112641020260507085606.0co|||||||090220s2008 spa  a1126410 ccomduadb aspa aQP/CD10aArango Zapata, Juan David4auteaut10aInforme de practica academica Fundacion Vivan los Niños aMedellín :b[sin publicador],c2008. a1 CD-ROM3 aEn conclusión, la práctica académica en la Fundación Vivan Los Niños es una experiencia integral, desde el punto de vista profesional permite al estudianteser participe en los procesos y en los proyectos que se realizan desde una institución de tipo social dirigidos en este caso y como dice el slogan de la Fundación a que los niños tengan vida en abundancia, es decir que vivan plenamente la etapa de la niñez y que a pesar de las dificultades que puedan tener algunos como habitantes de calle o como trabajadores no pierdan ese espíritu que caracteriza esta etapa de la vida. aFundacion vivan los ninos aTrabajo social con familias 7aTrabajo social con niños2 aTrabajo social con individuos aInformes de practica de trabajo social aInformes de práctica aPráctica académica10aTrujillo Muñoz, Ligia4thseths10aCorrales, Martin Alonso4thseths